000 00382nam a2200169Ia 4500
003 Ost
005 20260225132538.0
008 260225s9999||||xx |||||||||||||| ||und||
020 _a213045689
040 _cfsic
041 _afre
082 _a302.2
100 _aJudith lazar
_eAuteur
245 0 _aLa science de la communication /
245 0 _cJudith lazar
942 _cكتاب
999 _c33323
_d33323